[Event "Mittelfranken-ch HT 61st"]
[Site "Weissenburg"]
[Date "2012.04.04"]
[Round "5"]
[White "Trefflich, Marcus"]
[Black "Rebhann, Leo"]
[Result "0-1"]
[WhiteElo "1326"]
[BlackElo "1504"]
[PlyCount "72"]
[EventDate "2012.04.02"]
[EventType "swiss"]
[EventRounds "7"]
[EventCountry "GER"]
[SourceTitle "EXT 2015"]
[Source "ChessBase"]
[SourceDate "2014.11.20"]
[SourceVersion "1"]
[SourceVersionDate "2014.11.20"]
[SourceQuality "1"]

1. e4 c5 2. Nf3 d6 3. Nc3 Nf6 4. Bc4 e6 5. a3 a6 6. d4 cxd4 7. Nxd4 Be7 8. 0-0 Qc7 9. Ba2 0-0 10. Re1 Bd7 11. Be3 Nc6 12. Rb1 Nxd4 13. Bxd4 e5 14. Be3 Bc6 15. Nd5 Bxd5 16. exd5 b5 17. Bg5 Rfc8 18. c3 h6 19. Bxf6 Bxf6 20. Bb3 Rab8 21. Bc2 a5 22. Qd3 b4 23. axb4 axb4 24. c4 Qxc4 25. Qh7+ Kf8 26. Rbc1 Ke7 27. b3 Qf4 28. g3 Qd4 29. Red1 Qb2 30. f4 Rc7 31. fxe5 Bxe5 32. Re1 Rbc8 33. Qf5 Rxc2 34. Rxc2 Rxc2 35. Qe4 Rxh2 36. Rb1 Qf2# 0-1